01157nam a2200229 a 450000100100000000500170001000800410002702000180006804000250008608200150011110000390012624500950016526000360026030000360029650000760033250100800040856300620048895201280055095201130067895201190079199900170091000004331920201002040818.0140307s2013 dr ac 000 0 spa d a9789945166040 aDO-SdBNPbspacBNPHU axxxxbxxxx1 aRivera Almodóvar, Eusebio92947914aLos fríos :blos sueños & las peripecias del Rey Tuerto /cEusebio Rivera Almodóvar. aSanto Domingo :bBúho,c2013. a330 p. :bil., retrs. ;c23 cm. aIncluye datos biográficos del autor en la solapa de la contracubierta aEncuadernado con: Los fríos; los sueños & las peripecias del Rey Tuerto aTres obras encuadernadas juntas con paginación continua 001054708DSaGRbGRcHDd2014-03-07iLF1l0oxxxx xxxxp43319-30r2020-06-25te. 3w2020-06-25yLFDSZPréstamo en sala 0010718PDaPDbPDcHDd2014-03-07iLF1l0oxxxx xxxxp43319-10r2020-06-25w2020-06-25yLFPDZNo se presta 0010718PDaPDbPDcHDd2014-03-07iLF1l0oxxxx xxxxp43319-20r2020-06-25te. 2w2020-06-25yLFPDZNo se presta c42808d42808